Základy střelby dělostřelectva : studijní text /

Hlavní autor: Potužák, Ladislav, 1949-
Korporativní autor: Univerzita obrany. Fakulta vojenského leadershipu
Další autoři: Blaha, Martin
Jazyk: Čeština
Vydáno: Brno : Univerzita obrany v Brně, 2019
Vydání: Vydání: první
Témata:
Fyzický popis: 64 stran : ilustrace ; 30 cm
Knihy
Uloženo v:
LEADER 02112nam a2200481 i 4500
001 nkc20203172083
003 CZ PrNK
005 20200225110621.0
007 ta
008 200121s2019 xr a e p 000 0 cze
015 |a cnb003172083 
020 |a 978-80-7582-132-4  |q (brožováno) :  |c Kč 94,00 
035 |a (OCoLC)1143843438 
040 |a BOA001  |b cze  |e rda 
072 7 |a 623  |x Vojenská technika  |2 Konspekt  |9 19 
072 7 |a 37.016  |x Učební osnovy. Vyučovací předměty. Učebnice  |2 Konspekt  |9 22 
080 |a 623.5  |2 MRF 
080 |a (075.8)  |2 MRF 
100 1 |a Potužák, Ladislav,  |d 1949-  |7 xx0044825  |4 aut 
245 1 0 |a Základy střelby dělostřelectva :  |b studijní text /  |c Ladislav Potužák, Martin Blaha 
250 |a Vydání: první 
264 1 |a Brno :  |b Univerzita obrany v Brně,  |c 2019 
300 |a 64 stran :  |b ilustrace ;  |c 30 cm 
336 |a text  |b txt  |2 rdacontent 
337 |a bez média  |b n  |2 rdamedia 
338 |a svazek  |b nc  |2 rdacarrier 
500 |a Nad názvem: Univerzita obrany, Fakulta vojenského leadershipu 
500 |a Na obálce označení: S-3369 
500 |a 20 výtisků 
504 |a Obsahuje bibliografii 
521 8 |a Určeno studentům studijního programu Ekonomika a management, studijního oboru Řízení a použití ozbrojených sil, studijního modulu Velitel dělostřeleckých jednotek, využitelný i pro potřeby studentů studijních modulů Vševojskový velitel a Velitel průzkumných jednotek 
650 0 7 |a dělostřelecká palba  |7 ph501667  |2 czenas 
650 0 9 |a gunnery fire  |2 eczenas 
655 7 |a učebnice vysokých škol  |7 fd133772  |2 czenas 
655 9 |a textbooks (higher)  |2 eczenas 
700 1 |a Blaha, Martin  |7 mzk2014850237  |4 aut 
710 2 |a Univerzita obrany.  |b Fakulta vojenského leadershipu  |7 mzk2014850241  |4 isb 
910 2 |a BOA001  |b 4-1442.300 
990 |a BK 
995 |a 01 
991 |b 202002  |c NOV 
996 6 |b 2610813455  |c 4-1442.300  |l MZK  |r Sklad / do 1 hodiny  |n 0  |p p.v.  |w 001779614  |u 000010  |a 1  |e BOA001  |j MZK50  |s P 
996 7 |b 2610813456  |c 4-1442.300  |l MZK  |r Sklad / do 1 hodiny  |n 0  |p p.v.  |w 001779614  |u 000020  |a 1  |e BOA001  |j MZK50  |s A